Siyasal ve sosyal bilimler : (Record no. 200421534)
[ view plain ]
| 000 -LEADER | |
|---|---|
| fixed length control field | 01211 a2200373 4500 |
| 001 - CONTROL NUMBER | |
| control field | 200421534 |
| 003 - CONTROL NUMBER IDENTIFIER | |
| control field | TR-AnTOB |
| 005 - DATE AND TIME OF LATEST TRANSACTION | |
| control field | 20240814073634.0 |
| 008 - FIXED-LENGTH DATA ELEMENTS--GENERAL INFORMATION | |
| fixed length control field | 160802s 1 tu 000 0 |
| 020 ## - INTERNATIONAL STANDARD BOOK NUMBER | |
| International Standard Book Number | 9754700575 (2.CİLT) |
| International Standard Book Number | 975470080X ( TK.NO) |
| 040 ## - CATALOGING SOURCE | |
| Original cataloging agency | TR-AnTOB |
| Language of cataloging | tur |
| Description conventions | rda |
| 041 0# - LANGUAGE CODE | |
| Language code of text/sound track or separate title | Türkçe |
| 050 00 - LIBRARY OF CONGRESS CALL NUMBER | |
| Classification number | HC492 |
| Item number | .M33 1990 |
| 090 ## - LOCALLY ASSIGNED LC-TYPE CALL NUMBER (OCLC); LOCAL CALL NUMBER (RLIN) | |
| Classification number (OCLC) (R) ; Classification number, CALL (RLIN) (NR) | HC492 .M33 1990 |
| 100 1# - MAIN ENTRY--PERSONAL NAME | |
| Personal name | Mardin, Şerif, |
| Dates associated with a name | 1927-2017 |
| 9 (RLIN) | 103797 |
| 245 10 - TITLE STATEMENT | |
| Title | Siyasal ve sosyal bilimler : |
| Remainder of title | Makeleler 2 / |
| Statement of responsibility, etc. | Şerif Mardin ; Derl. ; Mümtazer Türköne, Tuncay Önder. |
| 250 ## - EDITION STATEMENT | |
| Edition statement | third edition |
| 264 ## - PRODUCTION, PUBLICATION, DISTRIBUTION, MANUFACTURE, AND COPYRIGHT NOTICE | |
| Place of production, publication, distribution, manufacture | İstanbul: |
| Name of producer, publisher, distributor, manufacturer | İletişim yayınları, |
| Date of production, publication, distribution, manufacture, or copyright notice | 1994 |
| 300 ## - PHYSICAL DESCRIPTION | |
| Extent | 210 pages. ; |
| Dimensions | 20 cm. |
| 336 ## - CONTENT TYPE | |
| Content type term | text |
| Source | rdacontent |
| 337 ## - MEDIA TYPE | |
| Media type term | unmediated |
| Source | rdamedia |
| 338 ## - CARRIER TYPE | |
| Carrier type term | volume |
| Source | rdacarrier |
| 504 ## - BIBLIOGRAPHY, ETC. NOTE | |
| Bibliography, etc. note | |
| 651 00 - SUBJECT ADDED ENTRY--GEOGRAPHIC NAME | |
| 9 (RLIN) | 100707 |
| Geographic name | Türkiye |
| General subdivision | Sosyal durum |
| Form subdivision | Sosyal Durum. |
| 650 00 - SUBJECT ADDED ENTRY--TOPICAL TERM | |
| Topical term or geographic name entry element | Sosyal bilimler |
| Geographic subdivision | Türkiye |
| 9 (RLIN) | 12856 |
| Topical term or geographic name entry element | Social sciences |
| Geographic subdivision | Turkey |
| 9 (RLIN) | 40828 |
| 651 00 - SUBJECT ADDED ENTRY--GEOGRAPHIC NAME | |
| Geographic name | Turkey |
| General subdivision | Economic conditions |
| 9 (RLIN) | 80629 |
| Geographic name | Turkey |
| General subdivision | Social conditions |
| Chronological subdivision | 1960- |
| 9 (RLIN) | 30020 |
| Geographic name | Türkiye |
| General subdivision | Ekonomik durum |
| 9 (RLIN) | 80633 |
| Geographic name | Türkiye |
| General subdivision | Siyaset ve yönetim |
| Source of heading or term | |
| 9 (RLIN) | 120128 |
| 942 ## - ADDED ENTRY ELEMENTS (KOHA) | |
| Koha item type | Book |
| Withdrawn status | Lost status | Source of classification or shelving scheme | Not for loan | Collection code | Home library | Current library | Shelving location | Date acquired | Source of acquisition | Cost, normal purchase price | Serial Enumeration / chronology | Inventory number | Total Checkouts | Total Holds | Full call number | Barcode | Copy number | Cost, replacement price | Date shelved | Koha item type |
|---|---|---|---|---|---|---|---|---|---|---|---|---|---|---|---|---|---|---|---|---|
| Ödünç Verilebilir / Available | Genel Koleksiyon | Merkez Kütüphane | Merkez Kütüphane | Genel Koleksiyon / Main Collection | 10/03/2015 | Bağış / Donation | 0.01 | 1 | İKT | HC492 .M33 1990 | 0046415 | 1 | 0.01 | Book |
